| 000 | 01022nam a2200217Ia 4500 | ||
|---|---|---|---|
| 999 |
_c39192 _d39192 |
||
| 001 | 5777 | ||
| 003 | GE_BSU | ||
| 005 | 20190505232606.0 | ||
| 008 | 181216s1974||||ge |||||||||||||| ||geo|| | ||
| 040 | _cGE_BSU | ||
| 041 | _ageo | ||
| 080 | _a621.56/.59 რ-76 | ||
| 100 |
_aროინიშვილი, ი. _9672 |
||
| 245 |
_aვაგონების მაცივარი მოწყობილობა და ჰაერის კონდიცირება : _bსახელმძღვ. / _cი. როინიშვილი ; რედ.ე.ძნელაძე. |
||
| 264 |
_aთბილისი : _bგანათლება, _c1974. |
||
| 300 |
_a256 გვ. ; _c27 სმ. |
||
| 504 | _a;ბიბლიოგრ. : გვ.252. | ||
| 653 | _aვაგონების მაცივარი მოწყობილობა და ჰაერის კონდიცირება | ||
| 700 |
_aძნელაძე, ე. _eრედაქტორი _9720 |
||
| 942 |
_cBK _2udc |
||